Statistics for Australian Birds by Picture #3

Click here to take the quiz!

General Stats

  • This quiz has been taken 25 times
  • The average score is 9 of 20

Answer Stats

Answer% Correct
Silvereye
100%
Black-necked Stork
79%
Hoary-headed Grebe
68%
Bourke's Parrot
58%
Diamond Dove
53%
Painted Button-quail
53%
Buff-breasted Paradise-Kingfisher
47%
Nankeen Kestrel
47%
Varied Sittella
47%
Black-fronted Dotterel
42%
Baillon's Crake
37%
Olive-backed Sunbird
37%
Horsfield's Bronze-Cuckoo
32%
Pale-yellow Robin
32%
Speckled Warbler
32%
Varied Triller
26%
Chestnut Quail-thrush
21%
Fuscous Honeyeater
21%
White-faced Storm-Petrel
16%
Broad-billed Flycatcher
11%

Score Distribution

Percentile by Number Answered

Percent of People with Each Score

Your Score History

You have not taken this quiz